Statistiques concernant Pokémon par images de Picross #1

Cliquez ici pour prendre le quiz!

Statistiques générales

  • Ce quiz a été pris 136 fois
  • Le résultat moyen est 13 sur 16

Statistiques - réponses

Réponse% Correct
Pikachu
100%
Dracaufeu
98%
Métamorph
92%
Noctali
92%
Dialga
85%
Amphinobi
84%
Carchacrok
83%
Moustillon
81%
Qulbutoké
81%
Démolosse
79%
Motisma
74%
Pharamp
74%
Goélise
71%
Cizayox
66%
Nanméouïe
66%
Flambusard
65%

Distribution des résultats

Percentile par nombre de réponses

% des personnes avec chaque résultat

Votre développement - résultats

Vous n’avez pas pris ce quiz